000 01172nam a2200337Ia 4500
003 OSt
005 20220912153153.0
006 a|||||r|||| 00| 0
007 ta
008 220909b |||||||| |||| 00| 0 eng d
020 _a085404499X (hbd)
024 _a7858
037 _bEducational,
037 _cReference Collections
040 _aCSL
_beng
_cCSL
041 _aeng
082 _aFG0bJ, N8.2
100 _aRoberts Terry R Ed
245 0 _aMetabolic pathways of agrochemicals
260 _aCambridge
_bThe Royal Society of Chemsitry
_c1999
300 _ap.
_ccm.
500 _aCONTENTS:V2: Insecticides and Fungicides ed by Terry R Roberts and David H Huston (xxiv,1475p),Index (1463-1475p); Includes bibliographical references
650 _a Pesticides for Agriculture
650 _aChemical technology
700 _a Huston David H Ed
700 _a Lee Philip W Ed
700 _a Nicholls Peter H Ed
700 _a Plimmer Jack R Ed
942 _hFG0bJ, N8.2
_cREF
_2CC
999 _c99141
_d99141